Catálogo
 En Linea

White-haired melody / (Registro nro. 33780)

Detalles MARC
000 -CABECERA
campo de control de longitud fija 00772nam a2200205 a 4500
001 - NÚMERO DE CONTROL
campo de control 000034289
005 - FECHA Y HORA DE LA ÚLTIMA TRANSACCIÓN
campo de control 20200930073624.0
008 - DATOS DE LONGITUD FIJA--INFORMACIÓN GENERAL
campo de control de longitud fija 110929s2008 xxu 000 0 spa d
020 ## - NÚMERO INTERNACIONAL ESTÁNDAR DEL LIBRO
Número Internacional Estándar del Libro 9781929280469
040 ## - FUENTE DE LA CATALOGACIÓN
Centro catalogador/agencia de origen DO-SdBNP
Lengua de catalogación spa
Centro/agencia transcriptor BNPHU
049 ## - FONDOS LOCALES (OCLC)
Fondos de biblioteca BNPD
100 1# - ENTRADA PRINCIPAL--NOMBRE DE PERSONA
Nombre de persona Furui, Yoshikichi,
Fechas asociadas al nombre 1937-
9 (RLIN) 59717
240 10 - TÍTULO UNIFORME
Título uniforme Hakuhatsu no uta.
Lenguaje de la obra English
245 10 - MENCIÓN DE TÍTULO
Título White-haired melody /
Mención de responsabilidad, etc. Furui Yoshikichi ; translated by Meredith McKinney.
260 ## - PUBLICACIÓN, DISTRIBUCIÓN, ETC.
Lugar de publicación, distribución, etc. States of América :
Nombre del editor, distribuidor, etc. Center for Japanese Studies,
-- The University of Michigan,
Fecha de publicación, distribución, etc. 2008.
300 ## - DESCRIPCIÓN FÍSICA
Extensión 275 p. ;
Dimensiones 24 cm.
490 1# - MENCIÓN DE SERIE
Mención de serie Michigan monograph series in Japanese studies ;
Designación de volumen o secuencia no. 61
700 1# - PUNTO DE ACCESO ADICIONAL--NOMBRE DE PERSONA
Nombre de persona McKinney, Meredith,
Fechas asociadas al nombre 1950-
Término indicativo de función/relación tr.
9 (RLIN) 59718
830 #0 - PUNTO DE ACCESO ADICIONAL DE SERIE-TÍTULO UNIFORME
Título uniforme Michigan monograph series in Japanese studies ;
-- no. 61
9 (RLIN) 59719
Existencias
Estado de retiro Estado de pérdida Restricciones de uso No para préstamo Código de colección Localización permanente Ubicación/localización actual Ubicación en estantería Fecha de adquisición Número de inventario Total de préstamos Signatura topográfica completa Código de barras Fecha visto por última vez Precio válido a partir de Tipo de ítem Koha
      Excluido de préstamo Monografías: Libros y Folletos General General En catalogación 03.10.2011 LF1   34289-10 25.06.2020 25.06.2020 No se presta

Con tecnología Koha